| 000 | 00548cam a22002052a 4500 | ||
|---|---|---|---|
| 001 | 025212 | ||
| 003 | AR-FADEU | ||
| 008 | 311216n1983####xxu####################dd | ||
| 020 | _a950-614-565-2 | ||
| 092 |
_a523.01 _bA859 _eJLS |
||
| 245 | _aASTROFISICA : recopilación de articulos de la Recherche | ||
| 260 | _aBuenos Aires | ||
| 260 | _bHyspamerica | ||
| 260 | _c1983 | ||
| 300 | _a214 p. : il | ||
| 440 |
_aBiblioteca de divulgación científica _n36 |
||
| 500 | _aIncluye bibliografía | ||
| 650 | _aASTROFISICA/JLS/ | ||
| 942 | _cJLS | ||
| 999 |
_c30898 _d30898 |
||